00737nam a2200205 i 450000100060000000300090000600500170001500700030003200800410003508000210007610000220009724501140011926000470023330000300028049000440031070000190035470000250037383000440039885200890044283430ES-MaACL20230906174827.0t|180703s1930 fr ||||1| fre d a821.133.1-32"19"0 aBenjamin, René.10aTaureaux et méridionaux / cRené Benjamin ; étude de René Groos ; illustrations d'André Villeboeuf. aParis : bÉditions du Capitole, c[1930] a185 p. : bil. ; c19 cm.1 aFaits et gestes de la vie contemporaine0 aGroos, René.0 aVilleboeuf, André.0 aFaits et gestes de la vie contemporaine aES-MaACLjL-32165 z.- Donat. herederos de la bibl. de Mª del Pilar Costa Palacín